| 000 | 00320nam a22001217a 4500 | ||
|---|---|---|---|
| 020 | _a0201432935 | ||
| 082 |
_222 _a005.12 |
||
| 100 | _aVlissides, John. | ||
| 245 |
_aPattern hatching : _bdesign patterns applied / |
||
| 260 |
_aEngland, _bAddison Wesley, _cc1998. |
||
| 300 |
_axv, 172p. ; _bill. ; _c23 cm. |
||
| 942 |
_2ddc _cIT |
||
| 999 |
_c2215 _d2215 |
||